[Event "SRB-chT 2nd League"]
[Site "Vrnjacka Banja"]
[Date "2022.11.09"]
[Round "8.4"]
[White "Azaric, Slavko"]
[Black "Stikovic, Dobrica"]
[Result "1/2-1/2"]
[WhiteElo "2129"]
[BlackElo "2174"]
[PlyCount "23"]
[EventDate "2022.11.04"]
[EventType "team-tourn"]
[EventRounds "11"]
[EventCountry "SRB"]
[SourceTitle "CBM 211 Extra"]
[Source "ChessBase"]
[SourceDate "2023.01.31"]
[SourceVersion "1"]
[SourceVersionDate "2023.01.31"]
[SourceQuality "1"]
[WhiteTeam "Dec"]
[BlackTeam "Novi Sad Vojvodina"]
[WhiteTeamCountry "SRB"]
[BlackTeamCountry "SRB"]

1. Nf3 Nf6 2. d4 d5 3. g3 c6 4. Bg2 Bf5 5. c4 e6 6. Qb3 Qb6 7. c5 Qxb3 8. axb3 a6 9. Nc3 Nbd7 10. b4 Rc8 11. 0-0 Be7 12. Bf4 1/2-1/2

[Event "SRB-chT 2nd League"]
[Site "Vrnjacka Banja"]
[Date "2022.11.05"]
[Round "2.6"]
[White "Dvornic, Mladen"]
[Black "Azaric, Slavko"]
[Result "1/2-1/2"]
[WhiteElo "2262"]
[BlackElo "2129"]
[PlyCount "120"]
[EventDate "2022.11.04"]
[EventType "team-tourn"]
[EventRounds "11"]
[EventCountry "SRB"]
[SourceTitle "CBM 211 Extra"]
[Source "ChessBase"]
[SourceDate "2023.01.31"]
[SourceVersion "1"]
[SourceVersionDate "2023.01.31"]
[SourceQuality "1"]
[WhiteTeam "Petrovaradin Kraljica"]
[BlackTeam "Dec"]
[WhiteTeamCountry "SRB"]
[BlackTeamCountry "SRB"]

1. e4 d6 2. d4 Nf6 3. Nc3 e5 4. Nf3 Nbd7 5. Be2 Be7 6. 0-0 0-0 7. Re1 Re8 8. Bf1 c6 9. a4 Qc7 10. h3 h6 11. b3 Nf8 12. Ba3 Ng6 13. g3 Be6 14. Qe2 d5 15. Bxe7 Rxe7 16. dxe5 Nxe4 17. Nxe4 dxe4 18. Qxe4 Bd5 19. Qd3 Rae8 20. Bg2 Bxf3 21. Qxf3 Nxe5 22. Qc3 a5 23. Re3 Ng6 24. Rae1 Rxe3 25. Rxe3 Rxe3 26. Qxe3 Nf8 27. Bf1 c5 28. Bc4 h5 29. Qg5 b6 30. Qxh5 g6 31. Qf3 Qe7 32. Qc6 Qd8 33. h4 Kg7 34. Qd5 Qe7 35. h5 gxh5 36. Qxh5 Ng6 37. Bd3 Qd6 38. Qg5 Qe6 39. Kg2 Kf8 40. Qf5 Qd6 41. f4 Ne7 42. Qe4 Qf6 43. Kf3 Ng6 44. Qd5 Ne7 45. Qd7 Nc6 46. Qd5 Ne7 47. Qa8+ Kg7 48. Qe4 Ng6 49. Ke2 Qa1 50. Kf2 Qc3 51. Qe1 Qf6 52. Qe3 Kf8 53. Ke2 Ne7 54. Kd2 Nc6 55. g4 Qb2 56. Qe4 Nd4 57. Qd5 Qb1 58. Qd8+ Kg7 59. Qxb6 Qg1 60. g5 Nf3+ 1/2-1/2

[Event "Belgrade Serbia op"]
[Site "Belgrade"]
[Date "2021.07.05"]
[Round "5"]
[White "Rutten, Alexander"]
[Black "Azaric, Slavko"]
[Result "1/2-1/2"]
[WhiteElo "2082"]
[BlackElo "2254"]
[PlyCount "119"]
[EventDate "2021.07.02"]
[EventType "swiss"]
[EventRounds "9"]
[EventCountry "SRB"]
[SourceTitle "CBM 203 Extra"]
[Source "ChessBase"]
[SourceDate "2021.09.30"]
[SourceVersion "1"]
[SourceVersionDate "2021.09.30"]
[SourceQuality "1"]

1. e4 d6 2. d4 g6 3. Nc3 Bg7 4. Be3 c6 5. Qd2 Nd7 6. h4 Ngf6 7. f3 h5 8. a4 Qa5 9. Nh3 b5 10. Ng5 0-0 11. b4 Qxb4 12. axb5 c5 13. Ra4 Qb2 14. Ra2 Qb4 15. Ra4 Qb2 16. Nd1 Qb1 17. Bd3 Nb6 18. c4 Qxd3 19. Qxd3 Nxa4 20. 0-0 Nd7 21. Rf2 a6 22. bxa6 Bxa6 23. Nb2 cxd4 24. Bxd4 Nxb2 25. Rxb2 Ne5 26. Qc3 Rac8 27. c5 Bf6 28. Ra2 Bb7 29. Qa1 Rxc5 30. f4 Nd3 31. Bxf6 Rc1+ 32. Kh2 Rxa1 33. Bxa1 Nc5 34. e5 Ra8 35. Rxa8+ Bxa8 36. exd6 exd6 37. Bf6 Nd7 38. Be7 f6 39. Nh3 d5 40. f5 Kf7 41. Bb4 d4 42. fxg6+ Kxg6 43. Nf4+ Kf5 44. Kg3 Ne5 45. Nxh5 d3 46. Kf2 Ng4+ 47. Kg3 Ne3 48. Kf2 Ng4+ 49. Kg3 Ne3 50. Kf2 Nc4 51. g4+ Kxg4 52. Nxf6+ Kxh4 53. Nd7 d2 54. Bxd2 Nxd2 55. Nc5 Nc4 56. Ke2 Kg4 57. Kd3 Ne5+ 58. Kd4 Nf3+ 59. Ke3 Kf5 60. Nb3 1/2-1/2

[Event "Belgrade Serbia op"]
[Site "Belgrade"]
[Date "2021.07.04"]
[Round "4"]
[White "Azaric, Slavko"]
[Black "Debevec, Blaz"]
[Result "1/2-1/2"]
[WhiteElo "2254"]
[BlackElo "2135"]
[PlyCount "22"]
[EventDate "2021.07.02"]
[EventType "swiss"]
[EventRounds "9"]
[EventCountry "SRB"]
[SourceTitle "CBM 203 Extra"]
[Source "ChessBase"]
[SourceDate "2021.09.30"]
[SourceVersion "1"]
[SourceVersionDate "2021.09.30"]
[SourceQuality "1"]

1. c4 Nf6 2. g3 g6 3. Bg2 Bg7 4. Nc3 0-0 5. Rb1 c5 6. e3 Nc6 7. Nge2 d6 8. d3 Bd7 9. b3 a6 10. Bb2 b5 11. 0-0 Rb8 1/2-1/2

[Event "Belgrade Serbia op"]
[Site "Belgrade"]
[Date "2021.07.03"]
[Round "2"]
[White "Azaric, Slavko"]
[Black "Karacsonyi, Kata"]
[Result "1/2-1/2"]
[WhiteElo "2254"]
[BlackElo "2107"]
[PlyCount "94"]
[EventDate "2021.07.02"]
[EventType "swiss"]
[EventRounds "9"]
[EventCountry "SRB"]
[SourceTitle "CBM 203 Extra"]
[Source "ChessBase"]
[SourceDate "2021.09.30"]
[SourceVersion "1"]
[SourceVersionDate "2021.09.30"]
[SourceQuality "1"]

1. Nf3 c5 2. g3 Nc6 3. Bg2 g6 4. d3 Bg7 5. 0-0 e5 6. c4 Nge7 7. Nc3 0-0 8. Rb1 d6 9. a3 f5 10. Bd2 a5 11. Ne1 Be6 12. Nd5 Rb8 13. b4 axb4 14. axb4 b6 15. b5 Na7 16. Bg5 Nac8 17. Qd2 Qd7 18. Nxe7+ Nxe7 19. Nc2 Bf6 20. Bxf6 Rxf6 21. f4 exf4 22. Qxf4 Rbf8 23. Ra1 d5 24. Ne3 d4 25. Nc2 Bf7 26. Ra6 Qd6 27. Rfa1 Kg7 28. Ra7 Re8 29. Rc7 Qe6 30. Kf2 Nd5 31. Bxd5 Qxe2+ 32. Kg1 Qxc2 33. Qf3 Re3 34. Qd1 Qxd1+ 35. Rxd1 Kg8 36. Bxf7+ Rxf7 37. Rc6 Rb7 38. Kf2 Kf7 39. Rd2 Re6 40. Rb2 Ra7 41. h4 h6 42. h5 g5 43. Rxe6 Kxe6 44. Re2+ Kf7 45. Re5 Ra2+ 46. Ke1 Ra1+ 47. Ke2 Ra2+ 1/2-1/2

[Event "Stari Banovci Vidovdan op"]
[Site "Stari Banovci"]
[Date "2018.07.03"]
[Round "7"]
[White "Omorjan, Dejan"]
[Black "Azaric, Slavko"]
[Result "1-0"]
[WhiteElo "2268"]
[BlackElo "2281"]
[PlyCount "85"]
[EventDate "2018.06.29"]
[EventType "swiss"]
[EventRounds "9"]
[EventCountry "SRB"]
[SourceTitle "CBM 185 Extra"]
[Source "ChessBase"]
[SourceDate "2018.07.29"]
[SourceVersion "1"]
[SourceVersionDate "2018.07.29"]
[SourceQuality "1"]

1. d4 Nf6 2. c4 e6 3. Nf3 d5 4. Nc3 Bb4 5. Bg5 h6 6. Bxf6 Qxf6 7. e3 0-0 8. Bd3 c5 9. cxd5 cxd4 10. Nxd4 Bxc3+ 11. bxc3 exd5 12. Qh5 Rd8 13. 0-0 Nc6 14. f4 Nxd4 15. cxd4 Qe6 16. Qf3 Qg4 17. Qxg4 Bxg4 18. f5 f6 19. Rab1 Rd7 20. Rbc1 Bh5 21. Rc5 Be8 22. Kf2 Rdd8 23. Rb1 Rab8 24. Bb5 Bxb5 25. Rbxb5 a6 26. Rb6 Rd7 27. a4 Kf8 28. Rc3 Re8 29. a5 Ree7 30. Kf3 Ke8 31. Kg4 Rc7 32. Rxc7 Rxc7 33. Kh5 Kf7 34. g4 Rd7 35. h4 Rc7 36. Rd6 Re7 37. Rxd5 Rxe3 38. Rd7+ Kf8 39. Rxb7 Re4 40. Rd7 Rf4 41. d5 Rd4 42. d6 Ra4 43. Ra7 1-0

[Event "Vojvodina-chT"]
[Site "Kac"]
[Date "2016.11.17"]
[Round "3.3"]
[White "Todorovic, Nenad I"]
[Black "Azaric, Slavko"]
[Result "1/2-1/2"]
[WhiteElo "2249"]
[BlackElo "2283"]
[PlyCount "42"]
[EventDate "2016.11.15"]
[EventType "team-tourn"]
[EventRounds "11"]
[EventCountry "SRB"]
[SourceTitle "CBM 175 Extra"]
[Source "ChessBase"]
[SourceDate "2016.12.12"]
[SourceVersion "1"]
[SourceVersionDate "2016.12.12"]
[SourceQuality "1"]
[WhiteTeam "Krajisnik Krajina"]
[BlackTeam "Banovci Dunav"]
[WhiteTeamCountry "SRB"]
[BlackTeamCountry "SRB"]

1. e4 e5 2. Nf3 Nc6 3. Bb5 a6 4. Ba4 Nf6 5. d4 exd4 6. 0-0 Be7 7. e5 Ne4 8. b4 0-0 9. Qd3 b5 10. Qxe4 bxa4 11. Nxd4 Nxd4 12. Qxd4 Rb8 13. a3 d6 14. Bf4 c5 15. bxc5 dxe5 16. Bxe5 Qxd4 17. Bxd4 Bf5 18. Nc3 Rfd8 19. Rfe1 Bf8 20. Be3 Bxc2 21. Rac1 Bb3 1/2-1/2

[Event "Stari Banovci Vidovdan op"]
[Site "Stari Banovci"]
[Date "2016.07.04"]
[Round "9"]
[White "Todorovic, Goran M"]
[Black "Azaric, Slavko"]
[Result "1-0"]
[WhiteElo "2461"]
[BlackElo "2275"]
[PlyCount "73"]
[EventDate "2016.06.28"]
[EventType "swiss"]
[EventRounds "9"]
[EventCountry "SRB"]
[SourceTitle "CBM 173 Extra"]
[Source "ChessBase"]
[SourceDate "2016.08.29"]
[SourceVersion "1"]
[SourceVersionDate "2016.08.29"]
[SourceQuality "1"]

1. e4 e5 2. Nf3 Nc6 3. Bb5 a6 4. Ba4 Nf6 5. 0-0 Be7 6. Re1 b5 7. Bb3 d6 8. c3 0-0 9. h3 Bb7 10. d4 Re8 11. Nbd2 exd4 12. cxd4 Nd7 13. Nf1 Na5 14. Bc2 Bf6 15. Ng3 g6 16. Nh2 c5 17. d5 Nc4 18. Rb1 Qa5 19. Ng4 Bg7 20. Nh6+ Kf8 21. Nhf5 gxf5 22. Nxf5 Nf6 23. b3 Na3 24. Bxa3 Qxa3 25. Nxd6 Re7 26. Nxb7 Rxb7 27. e5 Nd7 28. f4 Qb4 29. Qf3 Raa7 30. Rbd1 h6 31. d6 Kg8 32. Re3 Kf8 33. Qg4 Bxe5 34. Rg3 Bd4+ 35. Kh1 Ke8 36. Qe2+ Be5 37. Rg8+ 1-0

[Event "Stari Banovci Vidovdan op"]
[Site "Stari Banovci"]
[Date "2016.07.03"]
[Round "8"]
[White "Azaric, Slavko"]
[Black "Abramovic, Bosko"]
[Result "0-1"]
[WhiteElo "2275"]
[BlackElo "2412"]
[PlyCount "94"]
[EventDate "2016.06.28"]
[EventType "swiss"]
[EventRounds "9"]
[EventCountry "SRB"]
[SourceTitle "CBM 173 Extra"]
[Source "ChessBase"]
[SourceDate "2016.08.29"]
[SourceVersion "1"]
[SourceVersionDate "2016.08.29"]
[SourceQuality "1"]

1. e4 c5 2. Nc3 e6 3. Nge2 d5 4. exd5 exd5 5. d4 Nc6 6. Be3 cxd4 7. Nxd4 Nf6 8. Bb5 Bd7 9. 0-0 Be7 10. Nb3 Be6 11. Bc5 0-0 12. Bxe7 Qxe7 13. Re1 Rac8 14. Bxc6 bxc6 15. Qd4 c5 16. Qe5 Qb7 17. Ne2 Rfe8 18. Ng3 Qb6 19. Rab1 a5 20. Nd2 Bd7 21. Qc3 a4 22. Rxe8+ Rxe8 23. h3 d4 24. Qf3 Qe6 25. b3 Bc6 26. Qd3 Nd5 27. Qc4 Nc3 28. Qxe6 Rxe6 29. Ra1 g6 30. bxa4 Nxa4 31. Rb1 Re8 32. Kf1 h5 33. h4 Nc3 34. Rb6 Bd5 35. Nb3 Ra8 36. Nxc5 Rxa2 37. Kg1 Rxc2 38. Rd6 Rd2 39. f3 Kf8 40. Nge4 Bxe4 41. Nxe4 Nxe4 42. fxe4 Ke7 43. e5 d3 44. Kf1 Rd1+ 45. Kf2 d2 46. Ke3 Re1+ 47. Kxd2 Rg1 0-1

[Event "Stari Banovci Vidovdan op"]
[Site "Stari Banovci"]
[Date "2016.06.30"]
[Round "3"]
[White "Azaric, Slavko"]
[Black "Ostojic, Nikola"]
[Result "1/2-1/2"]
[WhiteElo "2275"]
[BlackElo "2426"]
[PlyCount "40"]
[EventDate "2016.06.28"]
[EventType "swiss"]
[EventRounds "9"]
[EventCountry "SRB"]
[SourceTitle "CBM 173 Extra"]
[Source "ChessBase"]
[SourceDate "2016.08.29"]
[SourceVersion "1"]
[SourceVersionDate "2016.08.29"]
[SourceQuality "1"]

1. e4 c5 2. Nf3 e6 3. g3 Nc6 4. Bg2 Nf6 5. Qe2 d5 6. e5 Nd7 7. 0-0 g5 8. c4 g4 9. Ne1 Nd4 10. Qxg4 Nxe5 11. Qh5 Nxc4 12. d3 Nb6 13. Bg5 Be7 14. Bh6 Nf5 15. Bf4 Bf6 16. Nc3 0-0 17. Nf3 Ng7 18. Qh6 Nf5 19. Qh5 Ng7 20. Qh6 Nf5 1/2-1/2

[Event "SRB-ch sf"]
[Site "Belgrade"]
[Date "2016.03.22"]
[Round "2"]
[White "Abramovic, Bosko"]
[Black "Azaric, Slavko"]
[Result "1-0"]
[WhiteElo "2404"]
[BlackElo "2269"]
[PlyCount "81"]
[EventDate "2016.03.21"]
[EventType "swiss"]
[EventRounds "9"]
[EventCountry "SRB"]
[SourceTitle "CBM 171 Extra"]
[Source "ChessBase"]
[SourceDate "2016.04.26"]
[SourceVersion "1"]
[SourceVersionDate "2016.04.26"]
[SourceQuality "1"]

1. e4 e5 2. Nf3 Nc6 3. Bc4 Nf6 4. d3 h6 5. c3 d6 6. a4 g6 7. Nbd2 Bg7 8. Nf1 0-0 9. Ng3 Qe7 10. 0-0 Nh7 11. Be3 h5 12. Qd2 Nd8 13. Ne1 Ne6 14. Ne2 c6 15. d4 Nf6 16. dxe5 dxe5 17. f3 Rd8 18. Nd3 h4 19. Qe1 Nh5 20. Qf2 b6 21. Rfd1 Bf6 22. Nb4 Rxd1+ 23. Rxd1 Bb7 24. a5 bxa5 25. Nd3 Nhg7 26. Ra1 Qc7 27. Nec1 h3 28. g3 Bg5 29. Nb3 Bxe3 30. Qxe3 Qb6 31. Kf2 Ba6 32. Nxa5 Bb5 33. Nxe5 Qc7 34. f4 g5 35. b4 Re8 36. Bxb5 cxb5 37. Nac6 gxf4 38. gxf4 Qd6 39. Qd3 Qf8 40. Nd7 Nxf4 41. Qd2 1-0

[Event "Belgrade Trophy 29th"]
[Site "Belgrade"]
[Date "2015.12.01"]
[Round "8"]
[White "Mihajlovic, Miodrag"]
[Black "Azaric, Slavko"]
[Result "1/2-1/2"]
[WhiteElo "2086"]
[BlackElo "2336"]
[PlyCount "81"]
[EventDate "2015.11.24"]
[EventType "swiss"]
[EventRounds "9"]
[EventCountry "SRB"]
[SourceTitle "CBM 170 Extra"]
[Source "ChessBase"]
[SourceDate "2016.02.25"]
[SourceVersion "1"]
[SourceVersionDate "2016.02.25"]
[SourceQuality "1"]

1. Nf3 d6 2. g3 g6 3. Bg2 Bg7 4. 0-0 Nf6 5. d3 Nc6 6. c4 e5 7. Nc3 0-0 8. c5 h6 9. cxd6 cxd6 10. Rb1 Bg4 11. h3 Be6 12. a3 Rb8 13. b4 Qc8 14. b5 Nd4 15. Nxd4 exd4 16. Ne4 Nd5 17. b6 a6 18. Bd2 Nc3 19. Nxc3 dxc3 20. Rc1 Qc5 21. d4 Bxd4 22. Bxh6 Rfc8 23. Kh2 Qxb6 24. e3 Bf6 25. Qf3 Qd8 26. e4 b5 27. Rfd1 a5 28. Rxd6 Qe7 29. Ra6 c2 30. Qf4 g5 31. Qd2 Bb3 32. Rxf6 Qxf6 33. Bxg5 Qg6 34. Qf4 Qb6 35. e5 b4 36. h4 Rc4 37. Qd2 Rbc8 38. axb4 axb4 39. Qd3 Ba4 40. Be4 Rxe4 41. Qxe4 1/2-1/2

[Event "Belgrade Trophy 28th"]
[Site "Belgrade"]
[Date "2014.11.30"]
[Round "7"]
[White "Pikula, Dejan"]
[Black "Azaric, Slavko"]
[Result "1-0"]
[WhiteElo "2457"]
[BlackElo "2302"]
[PlyCount "69"]
[EventDate "2014.11.24"]
[EventType "swiss"]
[EventRounds "9"]
[EventCountry "SRB"]
[SourceTitle "CBM 163 Extra"]
[Source "ChessBase"]
[SourceDate "2014.12.23"]
[SourceVersion "1"]
[SourceVersionDate "2014.12.23"]
[SourceQuality "1"]

1. e4 e5 2. Nf3 Nc6 3. Bb5 Nge7 4. 0-0 g6 5. c3 a6 6. Ba4 Bg7 7. d4 exd4 8. cxd4 0-0 9. Nc3 b5 10. Bb3 Na5 11. Bc2 Bb7 12. Re1 d6 13. Ne2 c5 14. Bf4 Nc4 15. Qc1 cxd4 16. Bh6 d3 17. Bxg7 Kxg7 18. Bxd3 Ne5 19. Qe3 Re8 20. Ng3 Nxf3+ 21. Qxf3 d5 22. Rad1 Nc6 23. Bb1 Qa5 24. a3 Ne5 25. Qf4 Rad8 26. Qg5 Qb6 27. Nh5+ Kh8 28. Nf6 Re6 29. Nxd5 Bxd5 30. exd5 Rxd5 31. Rxd5 Nf3+ 32. gxf3 Rxe1+ 33. Kg2 Rxb1 34. Qe5+ Kg8 35. Rd6 1-0